Statistics for Words with silent letter by picture

Click here to take the quiz!

General Stats

  • This quiz has been taken 54 times
  • The average score is 9 of 12

Answer Stats

Answer% Correct
Bomb
90%
Knife
90%
Wrist
88%
Sword
85%
Island
78%
Thumb
78%
whistle
78%
Ghost
76%
Knob
73%
Two
71%
Wrinkle
37%
Aisle
27%

Score Distribution

Percentile by Number Answered

Percent of People with Each Score

Your Score History

You have not taken this quiz